000 00617nam a22001457a 4500
999 _c4555
_d235059
080 _a341.17 L 116
100 _4aut
_aIacaruso Gustavo Adrián
245 _aLa Declaración Sociolaboral del Mercosur- herramientA jurídica de Integración regional y su aplicación por los Tribunales locales
300 _a23 P.
500 _aDirector de tesis:
502 _aTesis ( Especialización)--Universidad Nacional de Mar del Plata. Facultad de Derecho. Departamento de Posgrado, 2006.
650 _2IEDCYT
_adeclaracion sociolaboral del Mercosur
_xMercosur
_xintegracion regional
945 _acd
_d2017-08-08